|
|
|
|
| LEADER |
00000nab a2200000 a 4500 |
| 001 |
vtls000391085 |
| 003 |
SK-MaSNL |
| 005 |
20260303190406.0 |
| 008 |
160204c1989 xo 0 slo |
| 015 |
|
|
|a SNBRA19rr/mm-uuuuu
|
| 035 |
|
|
|a CL0391209
|
| 040 |
|
|
|a SNKBUCL
|b slo
|c SNKBUCL
|e AACR2
|
| 041 |
0 |
|
|a slo
|
| 044 |
|
|
|a xo
|c SK
|
| 080 |
|
|
|a 904:737.1:902
|2 1981
|
| 080 |
|
|
|a 737.1
|2 1981
|
| 080 |
|
|
|a 902
|2 1981
|
| 100 |
1 |
|
|a Hunka, Ján,
|d 1958-2021
|4 aut
|9 211368
|
| 245 |
1 |
0 |
|a Nálezy mincí z okolia Piešťan a ich historický význam
|c Ján Hunka
|
| 300 |
|
|
|b Tb. 2., lit. 32 zázn. v slov., češ.
|
| 650 |
0 |
7 |
|a mince
|2 snkbucl
|9 2305
|
| 650 |
0 |
7 |
|a archeologické nálezy
|2 snkbucl
|9 4975
|
| 651 |
|
7 |
|a 5211
|2 snkbucl
|9 283191
|
| 651 |
|
7 |
|a Piešťany (Slovensko)
|2 snkbucl
|9 23981
|
| 655 |
|
7 |
|a články zo zborníkov
|2 snkbucl
|9 166140
|
| 773 |
0 |
|
|t Balneologický spravodajca 1988
|d Bratislava : Alfa, 1989
|g S. 112-119
|
| 850 |
|
|
|a Slovenská národná knižnica v Martine
|a MTA001
|
| 852 |
|
|
|a SNK
|b KIS3GCP
|
| 958 |
|
|
|a NB
|
| 958 |
|
|
|a RK
|
| 992 |
|
|
|a RZB
|
| 999 |
|
|
|c 2136016
|d 2137946
|